| 000 | 00538nam a2200193Ia 4500 | ||
|---|---|---|---|
| 005 | 20230911121134.0 | ||
| 008 | 131103s9999 xx 000 0 und d | ||
| 040 | _aLoreto College | ||
| 041 | _aEnglish | ||
| 082 |
_aF _bKOS |
||
| 100 | _aKossak,Zofia | ||
| 245 |
_aBlessed are the meek _b a novel about St.Francis _cZofia Kossak;translated by Rulka Langer |
||
| 260 |
_aNew York _bRoy Publishers _c1944 |
||
| 300 | _a375 p. | ||
| 650 | _aFiction in English | ||
| 700 | _aLanger,Rulka;trranlated. | ||
| 850 | _aLCLIB | ||
| 942 | _cBK | ||
| 999 |
_c16872 _d67351 |
||